Children's mathematical thinking in the primary years : perspectives on children's learning

Αποθηκεύτηκε σε:
Λεπτομέρειες βιβλιογραφικής εγγραφής
Άλλοι συγγραφείς: Anghileri, Julia (Επιμελητής έκδοσης)
Μορφή: Βιβλίο
Γλώσσα:English
Δημοσίευση: London : Cassell, 1995
Σειρά:Children, teachers and learning
Θέματα:
Ετικέτες: Προσθήκη ετικέτας
Δεν υπάρχουν, Καταχωρήστε ετικέτα πρώτοι!

MARC

LEADER 00000nam a2200000 i 4500
001 1/92778
008 991116s1995 eng d
020 |a 0-304-33258-5 
035 |l 10054175 
040 |a GR-MY-UA  |b gre  |e aacr 
041 0 |a eng 
082 0 |a 510.19 
245 1 0 |a Children's mathematical thinking in the primary years :  |b perspectives on children's learning /  |c edited by Julia Anghileri 
260 |a London :   |b Cassell,   |c 1995 
300 |a 174 p. 
490 1 |a Children, teachers and learning 
650 0 0 |a Mathematics  |x Study and teaching (Primary) 
650 0 0 |a Learning, Psychology of. 
650 0 0 |a Cognition in children. 
700 1 |a Anghileri, Julia.  |4 edt 
830 0 |a Children, teachers and learning 
852 |a INST  |b RHODES  |e 19991116  |h 510.19 CHI  |p 005400012570  |q 005400012570  |t BK  |y 0 
901 |a BIBL4-1999-3 
909 |a Ρ  |b 069103 
922 |a 4ΕΛΗ  |b 199909  |c ΚΠΣ/154  |d GLORY BOOKS 
970 |a ΚΟΥΛΑΚΙΟΤΗ  |b ΛΙΤΣΑ  |z 1999/11/16